[Event "Novokuznetsk SFO-ch U15 Girls"]
[Site "Novokuznetsk"]
[Date "2014.11.10"]
[Round "9"]
[White "Zotova, Anastasia"]
[Black "Polyanskaya, Elizaveta"]
[Result "1-0"]
[WhiteElo "1852"]
[BlackElo "1579"]
[PlyCount "93"]
[EventDate "2014.11.02"]
[EventType "swiss"]
[EventRounds "9"]
[EventCountry "RUS"]
[SourceTitle "CBM 163 Extra"]
[Source "ChessBase"]
[SourceDate "2014.12.23"]
[SourceVersion "1"]
[SourceVersionDate "2014.12.23"]
[SourceQuality "1"]

1. e4 c5 2. Nf3 d6 3. c3 e6 4. d4 d5 5. exd5 exd5 6. Bb5+ Nc6 7. 0-0 Bd6 8. Be3 c4 9. b3 cxb3 10. axb3 Nge7 11. c4 a6 12. c5 Bc7 13. Bd3 0-0 14. Nc3 Ng6 15. Bg5 f6 16. Be3 Nf4 17. Bxf4 Bxf4 18. Nxd5 Bh6 19. Nb6 Rb8 20. d5 Ne5 21. Nxe5 fxe5 22. Qe2 Re8 23. Nc4 Bd7 24. Nd6 Rf8 25. Qxe5 Bf4 26. Qh5 Bh6 27. Bc4 Bf4 28. Nxb7 Rxb7 29. c6 Be8 30. Qg4 Rbf7 31. d6 Qxd6 32. Bxf7+ Bxf7 33. g3 Be5 34. Rac1 Be6 35. Qe2 Bh3 36. Rfd1 Qc7 37. Qh5 Be6 38. Re1 Bd4 39. Rxe6 Bxf2+ 40. Kg2 Bd4 41. Re8 Qb6 42. Rxf8+ Kxf8 43. Qf5+ Bf6 44. Qc8+ Kf7 45. Qb7+ Qxb7 46. cxb7 Be5 47. Rc8 1-0

[Event "Novokuznetsk SFO-ch U15 Girls"]
[Site "Novokuznetsk"]
[Date "2014.11.08"]
[Round "7"]
[White "Khanina, Maria"]
[Black "Polyanskaya, Elizaveta"]
[Result "0-1"]
[WhiteElo "1847"]
[BlackElo "1579"]
[PlyCount "100"]
[EventDate "2014.11.02"]
[EventType "swiss"]
[EventRounds "9"]
[EventCountry "RUS"]
[SourceTitle "CBM 163 Extra"]
[Source "ChessBase"]
[SourceDate "2014.12.23"]
[SourceVersion "1"]
[SourceVersionDate "2014.12.23"]
[SourceQuality "1"]

1. e4 c5 2. Nc3 Nc6 3. Bb5 a6 4. Bxc6 bxc6 5. d3 d6 6. f4 Nf6 7. Nf3 e6 8. 0-0 Be7 9. Qe1 0-0 10. Qg3 Re8 11. Be3 Bf8 12. e5 Nd5 13. Bd2 Nxc3 14. Bxc3 d5 15. Qg4 g6 16. Nh4 Bg7 17. Bd2 a5 18. a4 f6 19. Nf3 f5 20. Qg3 Rb8 21. b3 Ba6 22. Qe1 Qd7 23. Bxa5 Qe7 24. Rb1 c4 25. bxc4 Rxb1 26. Qxb1 Qc5+ 27. Nd4 Qxd4+ 28. Kh1 dxc4 29. Qb4 Bf8 30. Qd2 cxd3 31. Bc3 Qxa4 32. cxd3 Qb5 33. Rd1 Qd5 34. d4 Bb5 35. Ra1 Bc4 36. Qb2 Qe4 37. Qf2 Qd5 38. Ra7 Qb5 39. h3 Qb6 40. Ra4 Bd5 41. Ra1 Qb3 42. Qe1 Bh6 43. Rb1 Qc2 44. Rb2 Qd3 45. Qc1 Bxf4 46. Qxf4 Qxc3 47. Rb7 Qe1+ 48. Kh2 Qe4 49. Qg5 c5 50. Kg1 Bxb7 0-1